[Event "Gladsaxe"]
[Site "Gladsaxe"]
[Date "1983.??.??"]
[Round "?"]
[White "Hansen, Curt"]
[Black "Adorjan, Andras"]
[Result "0-1"]
[WhiteElo "2450"]
[BlackElo "2535"]
[PlyCount "86"]
[EventDate "1983.07.??"]
[EventType "tourn"]
[EventRounds "9"]
[EventCountry "DEN"]
[EventCategory "8"]
[Source "ChessBase"]
[SourceDate "1999.07.01"]
[WhiteTeamCountry "URS"]
[BlackTeamCountry "HUN"]

1. c4 c5 2. Nf3 b6 3. g3 Bb7 4. Bg2 g6 5. O-O Bg7 6. Nc3 Nf6 7. d4 cxd4 8. Nxd4
Bxg2 9. Kxg2 O-O 10. e4 Qc7 11. Qe2 Nc6 12. Nc2 a6 13. Rd1 e6 14. b3 Qb7 15.
Bb2 Rfd8 16. f3 d6 17. Ne3 Ne5 18. Rd2 g5 19. Rad1 h5 20. Nc2 g4 21. Ne1 b5 22.
f4 Ng6 23. cxb5 axb5 24. b4 Rdc8 25. Kg1 Rxc3 26. Bxc3 Nxe4 27. Bxg7 Kxg7 28.
Rxd6 Nxd6 29. Rxd6 Qa7+ 30. Kf1 Qxa2 31. Rd2 Qa6 32. Qe4 Rc8 33. Qd4+ Kg8 34.
Nd3 Qa8 35. Kg1 Qf3 36. Nc5 h4 37. Qd3 Qc6 38. Qd7 Qxd7 39. Rxd7 Ra8 40. gxh4
Nxf4 41. Kf2 Ra2+ 42. Ke3 Nd5+ 43. Kd4 Rxh2 0-1

[Event "Gladsaxe"]
[Site "Gladsaxe"]
[Date "1983.??.??"]
[Round "?"]
[White "Mortensen, Erling"]
[Black "Adorjan, Andras"]
[Result "1-0"]
[WhiteElo "2435"]
[BlackElo "2535"]
[PlyCount "72"]
[EventDate "1983.07.??"]
[EventType "tourn"]
[EventRounds "9"]
[EventCountry "DEN"]
[EventCategory "8"]
[Source "ChessBase"]
[SourceDate "1999.07.01"]
[WhiteTeamCountry "URS"]
[BlackTeamCountry "HUN"]

1. e4 c5 2. Nf3 e6 3. d4 cxd4 4. Nxd4 Nf6 5. Nc3 d6 6. f4 a6 7. Qf3 Nbd7 8. g4
h6 9. h4 e5 10. Nf5 g6 11. g5 Nxe4 12. Nxe4 gxf5 13. Ng3 exf4 14. Bxf4 Ne5 15.
Qa3 Ng6 16. Bd2 f4 17. Ne4 d5 18. Nf6+ Qxf6 19. Qxf8+ Kxf8 20. gxf6 h5 21. Bd3
Bg4 22. Kf2 Rh6 23. Rae1 Rc8 24. Bc3 Kg8 25. Bd4 Nf8 26. Re7 Ne6 27. Re1 b5 28.
b4 Rf8 29. Be5 Ra8 30. Bb2 d4 31. Bxd4 Kf8 32. Be5 Kg8 33. Bb2 Kf8 34. a4 a5
35. axb5 axb4 36. b6 Nc5 1-0

[Event "Gladsaxe"]
[Site "Gladsaxe"]
[Date "1983.??.??"]
[Round "?"]
[White "Sahl, Bjarke"]
[Black "Adorjan, Andras"]
[Result "0-1"]
[WhiteElo "2300"]
[BlackElo "2535"]
[PlyCount "64"]
[EventDate "1983.07.??"]
[EventType "tourn"]
[EventRounds "9"]
[EventCountry "DEN"]
[EventCategory "8"]
[Source "ChessBase"]
[SourceDate "1999.07.01"]
[WhiteTeamCountry "URS"]
[BlackTeamCountry "HUN"]

1. e4 c5 2. Nf3 e6 3. Nc3 d6 4. Be2 Nf6 5. O-O a6 6. a4 Qc7 7. d4 cxd4 8. Nxd4
Be7 9. Be3 b6 10. f4 Bb7 11. a5 b5 12. Ndxb5 axb5 13. Bb6 Qc8 14. Bxb5+ Nbd7
15. Ra4 O-O 16. Rc4 Qb8 17. Bc7 Qa7+ 18. Kh1 d5 19. exd5 exd5 20. Rd4 Bc5 21.
Bxd7 Nxd7 22. Rd2 Be3 23. Nb5 Qc5 24. Rd3 Qxb5 25. Rxe3 Rfc8 26. Rb3 Qa6 27.
Bb6 Rxc2 28. Bd4 Rac8 29. Rg3 Nf6 30. Re1 g6 31. b4 Ne4 32. Qh5 Nxg3+ 0-1

[Event "Gladsaxe"]
[Site "Gladsaxe"]
[Date "1983.??.??"]
[Round "?"]
[White "Sloth, Jorn"]
[Black "Adorjan, Andras"]
[Result "1/2-1/2"]
[WhiteElo "2375"]
[BlackElo "2535"]
[PlyCount "81"]
[EventDate "1983.07.??"]
[EventType "tourn"]
[EventRounds "9"]
[EventCountry "DEN"]
[EventCategory "8"]
[Source "ChessBase"]
[SourceDate "1999.07.01"]
[WhiteTeamCountry "URS"]
[BlackTeamCountry "HUN"]

1. g3 c5 2. Bg2 g6 3. c4 Bg7 4. e3 Nc6 5. Ne2 e5 6. Nbc3 Nge7 7. a3 d6 8. Rb1
Be6 9. Nd5 b5 10. cxb5 Bxd5 11. Bxd5 Nxd5 12. bxc6 Qc7 13. e4 Nb6 14. Nc3 Qxc6
15. b4 cxb4 16. Rxb4 h5 17. Qe2 d5 18. exd5 Nxd5 19. Rc4 Nxc3 20. Rxc6 Nxe2 21.
Kxe2 Kd7 22. Rc2 Rhc8 23. Rxc8 Rxc8 24. Bb2 Bf8 25. Kd3 Bd6 26. Re1 f6 27. a4
g5 28. h3 Bc5 29. g4 Ke6 30. Rc1 Kd5 31. Ba3 hxg4 32. hxg4 e4+ 33. Ke2 Rc6 34.
Bxc5 Rxc5 35. Rb1 Ke5 36. Ke3 Rd5 37. Rb7 Rd3+ 38. Ke2 a5 39. Rb5+ Rd5 40. Rb6
Rd3 41. Ra6 1/2-1/2

[Event "Gjovik"]
[Site "Gjovik"]
[Date "1983.??.??"]
[Round "?"]
[White "Adorjan, Andras"]
[Black "Agdestein, Simen"]
[Result "1-0"]
[WhiteElo "2535"]
[BlackElo "2400"]
[PlyCount "135"]
[EventDate "1983.08.??"]
[EventType "tourn"]
[EventRounds "9"]
[EventCountry "NOR"]
[EventCategory "12"]
[Source "ChessBase"]
[SourceDate "1999.07.01"]
[WhiteTeamCountry "URS"]
[BlackTeamCountry "HUN"]

1. c4 c5 2. Nf3 Nc6 3. d4 cxd4 4. Nxd4 e6 5. Nc3 Bb4 6. Ndb5 Nf6 7. Bf4 O-O 8.
Bc7 Qe7 9. Bd6 Bxd6 10. Qxd6 Qxd6 11. Nxd6 Rd8 12. g3 Kf8 13. Bg2 Ne8 14. Ncb5
Nxd6 15. Nxd6 Ke7 16. O-O-O Rb8 17. f4 b6 18. Nxf7 Kxf7 19. Bxc6 Ba6 20. Rxd7+
Rxd7 21. Bxd7 Bxc4 22. b3 Rb7 23. bxc4 Rxd7 24. Kc2 e5 25. Rf1 Ke6 26. fxe5
Kxe5 27. Kc3 Ke4 28. Rf8 Re7 29. Rf3 h5 30. h4 g5 31. hxg5 Rg7 32. Rf4+ Ke5 33.
Rd4 Kf5 34. Kb4 Re7 35. e4+ Kxg5 36. c5 bxc5+ 37. Kxc5 Kf6 38. Kd5 Re5+ 39. Kd6
Re6+ 40. Kd7 Re7+ 41. Kd6 Re6+ 42. Kd5 Re8 43. Rd3 Re5+ 44. Kd4 Ra5 45. a3 Ke6
46. Ke3 Rg5 47. Kf4 Rg4+ 48. Kf3 Rg7 49. Rd5 Rh7 50. Ra5 h4 51. gxh4 Rxh4 52.
Rxa7 Rh1 53. a4 Rf1+ 54. Ke2 Ra1 55. Kd3 Rd1+ 56. Kc3 Rc1+ 57. Kd2 Ra1 58. Ra8
Ra3 59. a5 Kd6 60. a6 Kc7 61. e5 Ra2+ 62. Kd3 Ra3+ 63. Kd4 Ra4+ 64. Kd5 Ra5+
65. Ke6 Ra1 66. Ke7 Rh1 67. e6 Kb6 68. Rf8 1-0

[Event "Gjovik"]
[Site "Gjovik"]
[Date "1983.??.??"]
[Round "?"]
[White "Ftacnik, Lubomir"]
[Black "Adorjan, Andras"]
[Result "1/2-1/2"]
[WhiteElo "2535"]
[BlackElo "2535"]
[PlyCount "41"]
[EventDate "1983.08.??"]
[EventType "tourn"]
[EventRounds "9"]
[EventCountry "NOR"]
[EventCategory "12"]
[Source "ChessBase"]
[SourceDate "1999.07.01"]
[WhiteTeamCountry "URS"]
[BlackTeamCountry "HUN"]

1. Nf3 c5 2. c4 Nf6 3. Nc3 b6 4. g3 Bb7 5. Bg2 g6 6. O-O Bg7 7. d4 cxd4 8. Nxd4
Bxg2 9. Kxg2 O-O 10. e4 Qc7 11. Be3 Qxc4 12. Rc1 Nc6 13. Ncb5 Qxa2 14. Ra1 Qc4
15. Rc1 Qa2 16. Ra1 Qxb2 17. Rb1 Qa2 18. Ra1 Qc4 19. Rc1 Qa2 20. Ra1 Qc4 21.
Rc1 1/2-1/2

[Event "Gjovik"]
[Site "Gjovik"]
[Date "1983.??.??"]
[Round "?"]
[White "Ogaard, Leif"]
[Black "Adorjan, Andras"]
[Result "0-1"]
[WhiteElo "2485"]
[BlackElo "2535"]
[PlyCount "46"]
[EventDate "1983.08.??"]
[EventType "tourn"]
[EventRounds "9"]
[EventCountry "NOR"]
[EventCategory "12"]
[Source "ChessBase"]
[SourceDate "1999.07.01"]
[WhiteTeamCountry "URS"]
[BlackTeamCountry "HUN"]

1. d4 Nf6 2. c4 e6 3. Nf3 b6 4. Nc3 Bb7 5. e3 Bb4 6. Bd3 O-O 7. O-O c5 8. Na4
cxd4 9. exd4 Re8 10. c5 Bxf3 11. Qxf3 Nc6 12. Be3 e5 13. dxe5 Nxe5 14. Qd1 Nfg4
15. Bd4 bxc5 16. Bxe5 Nxe5 17. a3 Ba5 18. Nxc5 Qh4 19. Be2 Rac8 20. Rc1 Bb6 21.
Qd5 Ng6 22. Qxd7 Nf8 23. Qb5 Qe7 0-1

[Event "Vrsac"]
[Site "Vrsac YUG"]
[Date "1983.??.??"]
[Round "?"]
[White "Agzamov, Georgy"]
[Black "Adorjan, Andras"]
[Result "1/2-1/2"]
[WhiteElo "2535"]
[BlackElo "2530"]
[PlyCount "36"]
[EventDate "1983.09.??"]
[SourceDate "2003.12.01"]
[WhiteTeamCountry "URS"]
[BlackTeamCountry "HUN"]

1. d4 Nf6 2. Nf3 e6 3. Bg5 c5 4. e3 Be7 5. Nbd2 b6 6. Bd3 Bb7 7. O-O O-O 8. c3
Nc6 9. Re1 cxd4 10. Bxf6 Bxf6 11. exd4 Rb8 12. Nc4 d6 13. Ne3 Ne7 14. Ng4 Nd5
15. Nxf6+ Nxf6 16. Ng5 b5 17. Qc2 g6 18. Qd2 Bc6 1/2-1/2

[Event "Vrsac Kostic Memorial"]
[Site "Vrsac"]
[Date "1983.??.??"]
[Round "?"]
[White "Adorjan, Andras"]
[Black "Cebalo, Miso"]
[Result "1-0"]
[WhiteElo "2535"]
[BlackElo "2475"]
[PlyCount "85"]
[EventDate "1983.09.18"]
[EventType "tourn"]
[EventRounds "13"]
[EventCountry "YUG"]
[EventCategory "10"]
[Source "ChessBase"]
[SourceDate "1999.07.01"]
[WhiteTeamCountry "URS"]
[BlackTeamCountry "HUN"]

1. c4 c5 2. Nf3 Nc6 3. d4 cxd4 4. Nxd4 Nf6 5. Nc3 e6 6. Ndb5 d5 7. Bf4 e5 8.
cxd5 exf4 9. dxc6 bxc6 10. Qxd8+ Kxd8 11. Rd1+ Bd7 12. Nd6 Kc7 13. Nxf7 Rg8 14.
Ne5 Rb8 15. Nxd7 Nxd7 16. g3 Rxb2 17. Bh3 Nf6 18. O-O fxg3 19. hxg3 Bb4 20. Rc1
Rd8 21. Bg2 Rdd2 22. a3 Be7 23. Nd1 Rb6 24. Ne3 Rxe2 25. a4 c5 26. Nf5 Bf8 27.
Nd4 Rd2 28. Nb5+ Kb8 29. Rfe1 a6 30. Na3 Rb4 31. Nc4 Ra2 32. a5 Kc7 33. Re6
Rxc4 34. Rxc4 Rxa5 35. Rc1 Ra4 36. Rc6+ Kd7 37. Rb6 Rd4 38. Rxa6 h5 39. Rb1 Be7
40. Ra7+ Ke8 41. Re1 Nd7 42. Bc6 Kd8 43. Rb1 1-0

[Event "Vrsac Kostic Memorial"]
[Site "Vrsac"]
[Date "1983.??.??"]
[Round "?"]
[White "Adorjan, Andras"]
[Black "De Firmian, Nick E"]
[Result "1/2-1/2"]
[WhiteElo "2535"]
[BlackElo "2520"]
[PlyCount "27"]
[EventDate "1983.09.18"]
[EventType "tourn"]
[EventRounds "13"]
[EventCountry "YUG"]
[EventCategory "10"]
[Source "ChessBase"]
[SourceDate "1999.07.01"]
[WhiteTeamCountry "URS"]
[BlackTeamCountry "HUN"]

1. c4 c5 2. Nf3 Nf6 3. Nc3 e6 4. g3 b6 5. Bg2 Bb7 6. d4 cxd4 7. Qxd4 Nc6 8. Qf4
Bb4 9. Bd2 O-O 10. O-O Be7 11. Rfd1 d6 12. Be3 Qd7 13. Bh3 Qc7 14. Nb5 1/2-1/2

[Event "Vrsac Kostic Memorial"]
[Site "Vrsac"]
[Date "1983.??.??"]
[Round "?"]
[White "Adorjan, Andras"]
[Black "Gligoric, Svetozar"]
[Result "1/2-1/2"]
[WhiteElo "2535"]
[BlackElo "2505"]
[PlyCount "31"]
[EventDate "1983.09.18"]
[EventType "tourn"]
[EventRounds "13"]
[EventCountry "YUG"]
[EventCategory "10"]
[Source "ChessBase"]
[SourceDate "1999.07.01"]
[WhiteTeamCountry "URS"]
[BlackTeamCountry "HUN"]

1. c4 c5 2. Nf3 Nf6 3. Nc3 e6 4. g3 d5 5. cxd5 exd5 6. d4 Nc6 7. Bg2 Be7 8. O-O
O-O 9. Bg5 cxd4 10. Nxd4 h6 11. Be3 Re8 12. Rc1 Bf8 13. Nxc6 bxc6 14. Bd4 Bf5
15. Qd2 Qd6 16. Rfe1 1/2-1/2

[Event "Vrsac Kostic Memorial"]
[Site "Vrsac"]
[Date "1983.??.??"]
[Round "?"]
[White "Adorjan, Andras"]
[Black "Ivanovic, Bozidar"]
[Result "1/2-1/2"]
[WhiteElo "2535"]
[BlackElo "2515"]
[PlyCount "32"]
[EventDate "1983.09.18"]
[EventType "tourn"]
[EventRounds "13"]
[EventCountry "YUG"]
[EventCategory "10"]
[Source "ChessBase"]
[SourceDate "1999.07.01"]
[WhiteTeamCountry "URS"]
[BlackTeamCountry "HUN"]

1. c4 c5 2. Nf3 Nf6 3. Nc3 Nc6 4. d4 cxd4 5. Nxd4 e6 6. g3 Qb6 7. Nb3 d5 8.
cxd5 Nxd5 9. Nxd5 exd5 10. Bg2 Bb4+ 11. Bd2 a5 12. O-O O-O 13. Be3 Qa6 14. Nc5
Bxc5 15. Bxc5 Rd8 16. e3 Bf5 1/2-1/2

[Event "Vrsac Kostic Memorial"]
[Site "Vrsac"]
[Date "1983.??.??"]
[Round "?"]
[White "Adorjan, Andras"]
[Black "Rajkovic, Dusan"]
[Result "1/2-1/2"]
[WhiteElo "2535"]
[BlackElo "2500"]
[PlyCount "43"]
[EventDate "1983.09.18"]
[EventType "tourn"]
[EventRounds "13"]
[EventCountry "YUG"]
[EventCategory "10"]
[Source "ChessBase"]
[SourceDate "1999.07.01"]
[WhiteTeamCountry "URS"]
[BlackTeamCountry "HUN"]

1. c4 Nf6 2. Nc3 e5 3. Nf3 d6 4. d4 Nbd7 5. Bg5 Be7 6. Qc2 c6 7. O-O-O Ng4 8.
Bxe7 Qxe7 9. e3 Ngf6 10. Bd3 a6 11. Rhg1 b5 12. g4 bxc4 13. Bxc4 Nb6 14. dxe5
dxe5 15. g5 Nfd7 16. Ne4 O-O 17. Bb3 c5 18. g6 c4 19. gxf7+ Kh8 20. Neg5 Nf6
21. Nh4 e4 22. Ba4 1/2-1/2

[Event "Vrsac Kostic Memorial"]
[Site "Vrsac"]
[Date "1983.??.??"]
[Round "?"]
[White "Adorjan, Andras"]
[Black "Smejkal, Jan"]
[Result "1/2-1/2"]
[WhiteElo "2535"]
[BlackElo "2560"]
[PlyCount "33"]
[EventDate "1983.09.18"]
[EventType "tourn"]
[EventRounds "13"]
[EventCountry "YUG"]
[EventCategory "10"]
[Source "ChessBase"]
[SourceDate "1999.07.01"]
[WhiteTeamCountry "URS"]
[BlackTeamCountry "HUN"]

1. c4 e5 2. Nc3 Nf6 3. Nf3 Nc6 4. g3 d5 5. cxd5 Nxd5 6. Bg2 Nb6 7. O-O Be7 8.
a3 O-O 9. d3 Be6 10. b4 f5 11. Bb2 Bf6 12. Nd2 Rb8 13. Nb3 Bf7 14. Nc5 e4 15.
Rc1 exd3 16. exd3 Nd4 17. Re1 1/2-1/2

[Event "Vrsac Kostic Memorial"]
[Site "Vrsac"]
[Date "1983.??.??"]
[Round "?"]
[White "Bjelajac, Milan"]
[Black "Adorjan, Andras"]
[Result "0-1"]
[WhiteElo "2405"]
[BlackElo "2535"]
[PlyCount "115"]
[EventDate "1983.09.18"]
[EventType "tourn"]
[EventRounds "13"]
[EventCountry "YUG"]
[EventCategory "10"]
[Source "ChessBase"]
[SourceDate "1999.07.01"]
[WhiteTeamCountry "URS"]
[BlackTeamCountry "HUN"]

1. e4 c5 2. c3 d5 3. exd5 Qxd5 4. d4 e6 5. Nf3 Nf6 6. Be2 Be7 7. O-O O-O 8. c4
Qd8 9. Nc3 cxd4 10. Nxd4 Bd7 11. Bf3 Qc8 12. Qe2 Nc6 13. Nxc6 Bxc6 14. b3 Rd8
15. Bg5 h6 16. Bh4 Qc7 17. Bxc6 Qxc6 18. Rad1 a6 19. Rxd8+ Rxd8 20. Rd1 Rxd1+
21. Nxd1 Qd7 22. Bg3 Bc5 23. h3 Qd8 24. Nc3 Qd4 25. Be5 Qh4 26. Qf3 Nh7 27. Ne4
Ng5 28. Nxg5 Qxg5 29. Qf4 Qh5 30. Qg3 Qd1+ 31. Kh2 Bf8 32. c5 Qd5 33. Bd6 Bxd6
34. cxd6 Kf8 35. Qf4 a5 36. g3 b5 37. h4 e5 38. Qf5 Qxd6 39. Qh7 Qf6 40. Qh8+
Ke7 41. Kg1 g5 42. Qb8 gxh4 43. Qxb5 hxg3 44. fxg3 Qg5 45. Qc5+ Kf6 46. Qc6+
Kg7 47. Qc3 h5 48. Kf1 Kg6 49. Qxa5 Qxg3 50. Qb6+ f6 51. a4 Qf3+ 52. Kg1 e4 53.
Qc6 h4 54. Qe8+ Kg5 55. Qg8+ Kf4 56. Qb8+ Kg4 57. a5 e3 58. Qc8+ 0-1

[Event "Vrsac Kostic Memorial"]
[Site "Vrsac"]
[Date "1983.??.??"]
[Round "?"]
[White "Djuric, Stefan"]
[Black "Adorjan, Andras"]
[Result "1-0"]
[WhiteElo "2500"]
[BlackElo "2535"]
[PlyCount "69"]
[EventDate "1983.09.18"]
[EventType "tourn"]
[EventRounds "13"]
[EventCountry "YUG"]
[EventCategory "10"]
[Source "ChessBase"]
[SourceDate "1999.07.01"]
[WhiteTeamCountry "URS"]
[BlackTeamCountry "HUN"]

1. c4 c5 2. g3 g6 3. Bg2 Bg7 4. Nc3 Nc6 5. e3 e5 6. Nge2 Nge7 7. O-O d6 8. a3
O-O 9. b4 Be6 10. bxc5 Bxc4 11. d3 Ba6 12. Na4 d5 13. Bb2 Qa5 14. Bc3 Qb5 15.
Nc1 d4 16. exd4 exd4 17. Bd2 Ne5 18. Re1 Rfe8 19. Ra2 Qd7 20. c6 bxc6 21. Nc5
Qc8 22. f4 Nd7 23. Bh3 f5 24. Qb3+ Kh8 25. Nxa6 Qxa6 26. Qf7 Bf6 27. Nb3 Rab8
28. Nc5 Nxc5 29. Qxf6+ Kg8 30. Rxe7 Rb1+ 31. Bf1 Rxe7 32. Qxe7 Nxd3 33. Be1 c5
34. Re2 Qc8 35. Bg2 1-0

[Event "Vrsac Kostic Memorial"]
[Site "Vrsac"]
[Date "1983.??.??"]
[Round "?"]
[White "Kapelan, Milorad"]
[Black "Adorjan, Andras"]
[Result "0-1"]
[WhiteElo "2300"]
[BlackElo "2535"]
[PlyCount "46"]
[EventDate "1983.09.18"]
[EventType "tourn"]
[EventRounds "13"]
[EventCountry "YUG"]
[EventCategory "10"]
[Source "ChessBase"]
[SourceDate "1999.07.01"]
[WhiteTeamCountry "URS"]
[BlackTeamCountry "HUN"]

1. Nf3 c5 2. c4 b6 3. g3 Bb7 4. Bg2 g6 5. O-O Bg7 6. Nc3 Nf6 7. d4 cxd4 8. Nxd4
Bxg2 9. Kxg2 O-O 10. e4 Qc7 11. b3 Nxe4 12. Nxe4 Qe5 13. Qf3 Qxd4 14. Be3 Qe5
15. c5 Nc6 16. cxb6 axb6 17. a4 Qe6 18. Rab1 Ne5 19. Qe2 h6 20. f3 Rfc8 21. Qd2
g5 22. Nf2 Qc6 23. Ne4 g4 0-1

[Event "Vrsac Kostic Memorial"]
[Site "Vrsac"]
[Date "1983.??.??"]
[Round "?"]
[White "Suba, Mihai"]
[Black "Adorjan, Andras"]
[Result "1/2-1/2"]
[WhiteElo "2555"]
[BlackElo "2535"]
[PlyCount "30"]
[EventDate "1983.09.18"]
[EventType "tourn"]
[EventRounds "13"]
[EventCountry "YUG"]
[EventCategory "10"]
[Source "ChessBase"]
[SourceDate "1999.07.01"]
[WhiteTeamCountry "URS"]
[BlackTeamCountry "HUN"]

1. c4 c5 2. g3 Nc6 3. Bg2 g6 4. e3 Bg7 5. Ne2 e6 6. Nbc3 Nge7 7. d4 cxd4 8.
Nxd4 O-O 9. O-O d5 10. cxd5 Nxd5 11. Nxd5 Nxd4 12. exd4 exd5 13. Qb3 Be6 14.
Be3 Qb6 15. Rfe1 Rfe8 1/2-1/2

[Event "Vrsac Kostic Memorial"]
[Site "Vrsac"]
[Date "1983.??.??"]
[Round "?"]
[White "Tarjan, James Edward"]
[Black "Adorjan, Andras"]
[Result "1-0"]
[WhiteElo "2535"]
[BlackElo "2535"]
[PlyCount "92"]
[EventDate "1983.09.18"]
[EventType "tourn"]
[EventRounds "13"]
[EventCountry "YUG"]
[EventCategory "10"]
[Source "ChessBase"]
[SourceDate "1999.07.01"]
[WhiteTeamCountry "URS"]
[BlackTeamCountry "HUN"]

1. d4 Nf6 2. c4 e6 3. Nf3 b6 4. Nc3 Bb7 5. a3 d5 6. cxd5 Nxd5 7. e3 g6 8. Bb5+
c6 9. Bd3 Bg7 10. O-O O-O 11. Nxd5 cxd5 12. Bd2 Nc6 13. Rc1 Rc8 14. Qa4 Rc7 15.
Bb5 Qc8 16. Rc3 a6 17. Bxc6 Rxc6 18. Rfc1 Rc4 19. Rxc4 dxc4 20. Qxc4 Qa8 21.
Qe2 Rd8 22. Bc3 Rc8 23. Re1 Be4 24. Nd2 Bd5 25. e4 Bc6 26. Qe3 a5 27. h4 h5 28.
Nf3 b5 29. Qf4 Be8 30. Qd2 Bc6 31. Ng5 Re8 32. d5 exd5 33. Bxg7 Kxg7 34. Qc3+
f6 35. exd5 b4 36. axb4 axb4 37. Qxb4 Bxd5 38. Re7+ Kh8 39. Nh3 Rxe7 40. Qxe7
Qc6 41. Kh2 Kg8 42. Nf4 Bf7 43. Qd8+ Kg7 44. Qd4 Qb7 45. b4 Qb8 46. Kg1 Qb5 {
..55} 1-0

[Event "Indonesia"]
[Site "Indonesia"]
[Date "1983.??.??"]
[Round "1"]
[White "Torre, Eugenio"]
[Black "Adorjan, Andras"]
[Result "1/2-1/2"]
[WhiteElo "2570"]
[BlackElo "2535"]
[PlyCount "24"]
[EventDate "1983.11.??"]
[EventType "tourn"]
[EventRounds "21"]
[EventCountry "INA"]
[EventCategory "11"]
[Source "ChessBase"]
[SourceDate "1999.07.01"]
[WhiteTeamCountry "URS"]
[BlackTeamCountry "HUN"]

1. d4 Nf6 2. Nf3 e6 3. c4 b6 4. g3 Ba6 5. b3 b5 6. cxb5 Bxb5 7. Nc3 Bb4 8. Bd2
Bxc3 9. Bxc3 a5 10. Bg2 Nd5 11. Bd2 a4 12. b4 Nc6 1/2-1/2

[Event "Indonesia"]
[Site "Indonesia"]
[Date "1983.??.??"]
[Round "19"]
[White "Adorjan, Andras"]
[Black "Timman, Jan H"]
[Result "1/2-1/2"]
[WhiteElo "2535"]
[BlackElo "2605"]
[PlyCount "34"]
[EventDate "1983.11.??"]
[EventType "tourn"]
[EventRounds "21"]
[EventCountry "INA"]
[EventCategory "11"]
[Source "ChessBase"]
[SourceDate "1999.07.01"]
[WhiteTeamCountry "URS"]
[BlackTeamCountry "HUN"]

1. e4 e5 2. Nf3 Nc6 3. Bb5 a6 4. Ba4 Nf6 5. O-O Be7 6. Re1 b5 7. Bb3 d6 8. c3
O-O 9. h3 Nb8 10. d4 Nbd7 11. Nbd2 Bb7 12. Bc2 Re8 13. Nf1 d5 14. exd5 exd4 15.
Nxd4 Nxd5 16. Ne3 Nxe3 17. Bxe3 Bf6 1/2-1/2

[Event "Hoogovens"]
[Site "Wijk aan Zee"]
[Date "1984.01.20"]
[Round "6"]
[White "Korchnoi, Viktor"]
[Black "Adorjan, Andras"]
[Result "1/2-1/2"]
[WhiteElo "2635"]
[BlackElo "2570"]
[Annotator "Bulletin"]
[PlyCount "143"]
[EventDate "1984.01.13"]
[EventType "tourn"]
[EventRounds "13"]
[EventCountry "NED"]
[EventCategory "13"]
[Source "ChessBase"]
[SourceDate "1999.07.01"]
[WhiteTeamCountry "URS"]
[BlackTeamCountry "HUN"]

1. Nf3 c5 2. c4 b6 3. g3 g6 4. Bg2 Bb7 5. d4 cxd4 6. Qxd4 Nf6 7. b3 Bg7 8. Bb2
O-O 9. O-O d6 10. Nc3 Nbd7 11. Qd2 (11. Nd5 $6 b5 $1) 11... Rc8 12. Rfd1 (12.
Nd5 $2 Bxd5 13. cxd5 Ne4) 12... a6 13. Nd4 Bxg2 14. Kxg2 Qc7 15. f3 Qb7 16. e4
e6 $5 (16... Rfd8 17. Nd5 Ne5 $10) 17. Rac1 (17. Nde2 b5 $5 (17... Nc5 18. Qxd6
$2 Ncxe4 $1) 18. cxb5 (18. Qxd6 bxc4 19. e5 Nd5 $1) 18... axb5 19. Qxd6 Nc5 $1
{/\ Ncxe4 / b4 -/+}) (17. Nc2 b5 $1 18. Ne3 (18. Qxd6 bxc4 19. e5 Nd5 20. Nxd5
exd5 21. Qxd5 Qxd5 22. Rxd5 cxb3 23. Ne3 Nb6 24. Ra5 Nc4 25. Nxc4 Rxc4 $19)
18... Rc6) 17... Rfd8 18. Rc2 Ne5 19. Rdc1 (19. Qc1 $2 d5 $1 20. cxd5 exd5 21.
exd5 (21. f4 Bh6 $1 $17) 21... Nxd5 22. Nxd5 Rxc2+ 23. Qxc2 Qxd5) 19... Qa8 20.
Ba1 Rc7 21. Nd1 Rdc8 (21... Nxe4 $2 22. fxe4 Qxe4+ 23. Kg1 Nd3 24. Nf2) 22. Nf2
Qb7 23. Ne2 Rc6 24. Bb2 Qa8 25. h3 Qb8 (25... Rd8 $1) 26. Nd4 R6c7 27. Ba3 Rd7
28. f4 Qb7 $1 29. Qe2 Nc6 30. Nf3 Rcd8 31. Ng4 (31. g4 $5) 31... Nxg4 32. hxg4
Nd4 $1 33. Nxd4 Bxd4 34. Rd1 $5 (34. Bb2 $10) 34... e5 35. f5 Rc8 36. Rh1 $2 (
36. Bb2 $1) 36... b5 37. Bc1 f6 $2 $138 (37... bxc4 38. bxc4 (38. Rxc4 Rdc7 $1
$19) 38... Rdc7 39. Kf3 d5 $1 40. Qh2 (40. cxd5 Rc4 $19) 40... h5 $1 $19) 38.
fxg6 hxg6 39. Rh6 Kg7 40. Qf3 bxc4 41. Rh1 $1 $8 (41. bxc4 Rdc7 42. g5 Rf8 $1
43. gxf6+ Rxf6 44. Qg4 Qb1 $19) (41. g5 f5 $1 42. exf5 gxf5 43. bxc4 Qe4 $1 44.
Qxe4 fxe4 45. Ba3 d5 46. c5 Be3 $19) 41... Kg8 $1 (41... cxb3 $2 42. Bh6+ Kf7
43. Rxc8 Qxc8 44. Bg5 $1 (44. Qxb3+ d5 45. exd5 Qb7) 44... Qd8 45. Rf1 $18) (
41... c3 42. Bh6+ Kg8 43. Be3 $13) 42. bxc4 $2 (42. Rh6 $1 $10) 42... Rdc7 $1 (
42... Rh7 43. Rxh7 (43. Re1 $5) 43... Kxh7 44. Qxf6 Qxe4+ 45. Kh3 $10) 43. Re2
Rf7 44. Rh6 Kg7 45. Qf1 Qc6 $2 (45... Rxc4 46. Qh1 Kf8 47. Rh8+ (47. Rxg6 Rc2
$1 $19) 47... Ke7 48. Rh7 Ke6 $19) 46. Qh1 Qxc4 47. Rxg6+ Kf8 48. Bh6+ Ke7 49.
Qd1 Rb8 $138 50. Kh3 Rb2 51. Rxb2 Bxb2 52. Qf3 $6 (52. g5 $1 Qxe4 53. gxf6+ Kd7
$8 (53... Rxf6 54. Bf8+ $3 $18) 54. Rg4 Qc6 55. Rg7 Qc4 $1) 52... Bc1 $1 53.
Bxc1 (53. Bg7 Bg5 $1) 53... Qxc1 54. g5 $1 fxg5 55. Qd3 Qf1+ 56. Qxf1 Rxf1 57.
Kg4 Ra1 58. Kf5 $1 Kd7 59. Rxg5 Rxa2 60. Rg7+ Kc6 61. g4 Kc5 62. Rd7 $1 $10 a5
63. g5 Rf2+ 64. Ke6 Rg2 65. Rxd6 Rxg5 66. Rd5+ Kb4 67. Kf6 Rh5 68. Kg6 Rh8 69.
Rxe5 a4 70. Rd5 Ra8 71. e5 a3 72. e6 1/2-1/2